000 00671nam a2200181Ia 4500
008 151202s9999||||xx |||||||||||||| ||und||
082 _bPNVM-45529
100 _aकुसुमाग्रज (शिरवाडकर वि.वा.).
245 _aरुपरेषा.
260 _b"चेतश्री प्रकाशन, अमळनेर."
260 _c2001
300 _a127
600 _aकुसुमाग्रज (शिरवाडकर वि.वा.).
630 _aरुपरेषा.
700 _aकुसुमाग्रज (शिरवाडकर वि.वा.).
730 _aरुपरेषा.
942 _cBOOK
999 _c1311480
_d1311477